[Event "Ptuj op 10"]
[Site "Ptuj"]
[Date "2015.10.24"]
[Round "1"]
[White "Zajsek, Franc"]
[Black "Stumberger, Andreja"]
[Result "1-0"]
[WhiteElo "1713"]
[BlackElo "1500"]
[PlyCount "31"]
[EventDate "2015.10.24"]
[EventType "swiss"]
[EventRounds "9"]
[EventCountry "SLO"]
[SourceTitle "CBM 169 Extra"]
[Source "ChessBase"]
[SourceDate "2015.12.18"]
[SourceVersion "1"]
[SourceVersionDate "2015.12.18"]
[SourceQuality "1"]

1. d4 d5 2. c4 e6 3. Nf3 Nf6 4. a3 Bd6 5. c5 Be7 6. Nc3 Nc6 7. e3 h6 8. b4 0-0 9. Bb2 b6 10. Bb5 Nb8 11. 0-0 a6 12. Ba4 b5 13. Bc2 Nc6 14. Ne5 Nxe5 15. dxe5 c6 16. exf6 1-0